Normal view MARC view
  • Capital Market

Entry Topical Term

Number of records used in: 1

001 - CONTROL NUMBER

  • control field: 74249

003 - CONTROL NUMBER IDENTIFIER

  • control field: OSt

005 - DATE AND TIME OF LATEST TRANSACTION

  • control field: 20220806112611.0

008 - FIXED-LENGTH DATA ELEMENTS

  • fixed length control field: 220806|| aca||aabn | a|a d

040 ## - CATALOGING SOURCE

  • Original cataloging agency: OSt
  • Transcribing agency: OSt

150 ## - HEADING--TOPICAL TERM

  • Topical term or geographic name entry element: Capital Market

670 ## - SOURCE DATA FOUND

  • Source citation: Work cat.: (OSt)41353: Sangale, Balasaheb and others 74248, Capital market And Financial Services (Sem.-IV), 2014